| 000 | 00481 a2200157 4500 | ||
|---|---|---|---|
| 003 | Nust | ||
| 005 | 20221205100351.0 | ||
| 040 | _cNust | ||
| 082 | _a150.9,ROB | ||
| 245 |
_aAn intellectual History of Psychology / _cRobinson,Daniel.N |
||
| 250 | _a3th ed | ||
| 260 |
_aIslamabad _bNational Book foundation |
||
| 300 | _aviii,381 p.; | ||
| 505 | _aPhilosophical (Page-3), From Philosophy to Psychology (Page-149), Scientific Psychology (Page-259). | ||
| 942 |
_2ddc _cBK _k150.9,ROB |
||
| 999 |
_c176890 _d176890 |
||